| 000 | 00502nam a22001577a 4500 | ||
|---|---|---|---|
| 999 |
_c535802 _d535802 |
||
| 020 | _qHard Cover. | ||
| 082 | _a616.075 | ||
| 100 | _aNoor, Ayesha | ||
| 245 | _aFrequency of Acquired Dysfibrinogenemia in Patients of Chronic Liver Disease / | ||
| 260 |
_aIslamabad : _bAMC - NUST, _c2013. |
||
| 300 |
_axii, 117 p. : ill. ; _c30cm. |
||
| 942 |
_2ddc _cTHE |
||
| 650 |
_aHematology M Phil.-Thesis. _930058 |
||
| 700 |
_aDr. Muhammd Ayyub. _930669 |
||